Catálogo
 En Linea

Relaciones prematrimoniales en República Dominicana / (Registro nro. 29874)

Detalles MARC
000 -CABECERA
campo de control de longitud fija 00589nam a2200181 a 4500
001 - NÚMERO DE CONTROL
campo de control 000030382
005 - FECHA Y HORA DE LA ÚLTIMA TRANSACCIÓN
campo de control 20200930062301.0
008 - DATOS DE LONGITUD FIJA--INFORMACIÓN GENERAL
campo de control de longitud fija 110516s1978 dr ac 000 0 spa d
040 ## - FUENTE DE LA CATALOGACIÓN
Centro catalogador/agencia de origen DO-SdBNP
Lengua de catalogación spa
Centro/agencia transcriptor BNPHU
082 ## - NÚMERO DE LA CLASIFICACIÓN DECIMAL DEWEY
Número de clasificación xxx
Número de documento/Ítem M917r
049 ## - FONDOS LOCALES (OCLC)
Fondos de biblioteca BNPD
100 1# - ENTRADA PRINCIPAL--NOMBRE DE PERSONA
Nombre de persona Mota, Denis
9 (RLIN) 49338
245 10 - MENCIÓN DE TÍTULO
Título Relaciones prematrimoniales en República Dominicana /
Mención de responsabilidad, etc. Denis Mota.
260 ## - PUBLICACIÓN, DISTRIBUCIÓN, ETC.
Lugar de publicación, distribución, etc. Santo Domingo :
Nombre del editor, distribuidor, etc. Asociación Dominicana Pro-Bienestar de la Familia,
Fecha de publicación, distribución, etc. 1978.
Fabricante Amigo del Hogar
300 ## - DESCRIPCIÓN FÍSICA
Extensión 47 p. :
Otras características físicas il., retrs. ;
Dimensiones 22 cm.
490 1# - MENCIÓN DE SERIE
Mención de serie Documentos
Designación de volumen o secuencia 14
830 #0 - PUNTO DE ACCESO ADICIONAL DE SERIE-TÍTULO UNIFORME
Título uniforme Documentos ;
Designación de volumen o secuencia 14
9 (RLIN) 1047
Existencias
Estado de retiro Estado de pérdida No para préstamo Código de colección Localización permanente Ubicación/localización actual Ubicación en estantería Fecha de adquisición Número de inventario Total de préstamos Signatura topográfica completa Código de barras Fecha visto por última vez Precio válido a partir de Tipo de ítem Koha Número de copia
    Excluido de préstamo Patrimonio Dominicano Patrimonio Dominicano Patrimonio Dominicano Depósito 16.05.2011 LF1   xxx M917r 30382-10 25.06.2020 25.06.2020 Libro y Folleto Colección Patrimonio Dominicano  
  Extraviado Excluido de préstamo Patrimonio Dominicano Patrimonio Dominicano Patrimonio Dominicano Extraviado 16.05.2011 LF1   xxx M917r 30382-20 25.06.2020 25.06.2020 Libro y Folleto Colección Patrimonio Dominicano e. 2

Con tecnología Koha